| 000 | 01392nam a2200265 i 4500 | ||
|---|---|---|---|
| 001 | 155644 | ||
| 003 | ES-MaACL | ||
| 005 | 20230906210144.0 | ||
| 008 | 940615q1736 sp a |||| | spa d | ||
| 100 | 1 |
_aHuerta y Vega, Francisco Xavier Manuel de la. _9146703 |
|
| 245 | 1 | 0 |
_aAnales de el Reyno de Galicia. _nTomo primero [-segundo] ... / _csu autor ... D. Francisco Xavier Manuel de la Huerta y Vega... |
| 260 |
_aEn Santiago : _ben la imprenta de D. Andres Frayz ..., _c[posterior a 1736] |
||
| 300 |
_a2 v. ([16], 438 p., [2] en bl. ; Fol. [20], 432 p., [1] h. de grab. ; _cFol. |
||
| 530 | _aDisponible en formato digital. | ||
| 546 | _aTexto en castellano, apéndices en latín. | ||
| 596 | _aTassa del t. 1º, es de 1733 ; la del 2º, de 1736. | ||
| 596 | _aEl pie de imprenta del 2º t.: "En Santiago : en la imprenta de Ignacio Guerra, Impressor del Reyno de Galicia. | ||
| 597 | _aSign.: ¶-2¶4, A-2Z4, 3A-3I4 ; ¶6, 2¶4, A-Z4, 2A-2Z4, 3A-3H4. | ||
| 597 | _aTexto a dos col.; excepto los apéndices. | ||
| 597 | _aPort. con orla xilográfica. | ||
| 599 | _aLa h. de grab. calc. : "Palamº. jb.", representa las armas de Galicia. | ||
| 651 | 4 |
_aGalicia- _xHistoria- _yS.XVI-XVIII- _vFuentes. _9157615 |
|
| 852 |
_aES-MaACL _jR-153-54 _z- Enc. perg. _x Olim: C-1914-15 |
||
| 856 |
_uhttp://bdh-rd.bne.es/viewer.vm?id=0000134323&page=1 _zBiblioteca Digital Hispánica |
||
| 999 |
_c155644 _d155644 |
||